<?xml version="1.0" encoding="UTF-8"?>
<record
    xmlns:xsi="http://www.w3.org/2001/XMLSchema-instance"
    xsi:schemaLocation="http://www.loc.gov/MARC21/slim http://www.loc.gov/standards/marcxml/schema/MARC21slim.xsd"
    xmlns="http://www.loc.gov/MARC21/slim">

  <leader>02712cam a22003135a 4500</leader>
  <controlfield tag="001">15417360</controlfield>
  <controlfield tag="005">20151026135042.0</controlfield>
  <controlfield tag="008">080814t2009    njua   frb    001 0 eng d</controlfield>
  <datafield tag="020" ind1=" " ind2=" ">
    <subfield code="a">9780470225554 (cloth)</subfield>
  </datafield>
  <datafield tag="020" ind1=" " ind2=" ">
    <subfield code="a">0470225556 (cloth)</subfield>
  </datafield>
  <datafield tag="040" ind1=" " ind2=" ">
    <subfield code="a">DNLM/DLC</subfield>
    <subfield code="c">DLC</subfield>
    <subfield code="d">NLM</subfield>
    <subfield code="d">BAKER</subfield>
    <subfield code="d">BTCTA</subfield>
    <subfield code="d">YDXCP</subfield>
    <subfield code="d">C#P</subfield>
    <subfield code="d">BWX</subfield>
    <subfield code="d">IXA</subfield>
    <subfield code="d">DLC</subfield>
    <subfield code="d">EG-ScBUE</subfield>
    <subfield code="b">eng</subfield>
  </datafield>
  <datafield tag="082" ind1="0" ind2="4">
    <subfield code="a">615.19</subfield>
    <subfield code="2">22</subfield>
    <subfield code="b">DRU</subfield>
  </datafield>
  <datafield tag="245" ind1="0" ind2="0">
    <subfield code="a">Drug efficacy, safety, and biologics discovery :</subfield>
    <subfield code="b">emerging technologies and tools /</subfield>
    <subfield code="c">[edited by] Sean Ekins, Jinghai J. Xu.</subfield>
  </datafield>
  <datafield tag="260" ind1=" " ind2=" ">
    <subfield code="a">Hoboken :</subfield>
    <subfield code="b">John Wiley &amp; Sons,</subfield>
    <subfield code="c">c.2009.</subfield>
  </datafield>
  <datafield tag="300" ind1=" " ind2=" ">
    <subfield code="a">xvi, 408 p. :</subfield>
    <subfield code="b">ill. (some col.) ;</subfield>
    <subfield code="c">25 cm.</subfield>
  </datafield>
  <datafield tag="490" ind1="0" ind2=" ">
    <subfield code="a">Wiley series on technologies for the pharmaceutical industry</subfield>
  </datafield>
  <datafield tag="500" ind1=" " ind2=" ">
    <subfield code="a">Index : p. 381-408.</subfield>
  </datafield>
  <datafield tag="504" ind1=" " ind2=" ">
    <subfield code="a">Includes bibliographical references.</subfield>
  </datafield>
  <datafield tag="505" ind1="0" ind2=" ">
    <subfield code="a">Focus on the fundamentals : toward better therapeutic index prediction / Jinghai J. Xu and Li J. Yu -- High-throughput protein-based technologies and computational models for drug development, efficacy, and toxicity / Leonidas G. Alexopoulos, Julio Saez Rodriguez, and Christopher W. Espelin -- Cellular systems biology applied to preclinical safety testing : a case study of CellCiphr profiling / Lawrence Vernetti ... [et al.] -- Systems pharmacology, biomarkers, and biomolecular networks / Aram S. Adourian ... [et al.] -- Zebrafish models for human diseases and drug discovery / Hanbing Zhong, Ning-Ai Liu, and Shuo Lin -- Toxicity pathways and models : mining for potential side effects / Sean Ekins and Josef Scheiber -- Computational systems biology modeling of dosimetry and cellular response pathways / Qiang Zhang ... [et al.] --</subfield>
  </datafield>
  <datafield tag="505" ind1="0" ind2=" ">
    <subfield code="a">Stem cell technology for embryotoxicity, cardiotoxicity, and hepatotoxicity evaluation / Julio C. Davila ... [et al.] -- Telemetry technology for preclinical drug discovery and development / Yi Yang --Nanotechnology to improve oral drug delivery / Mayank D. Bhavsar, Shardool Jain, and Mansoor M. Amiji -- Functional glycomics and the future of glycomic drugs / Ram Sasisekharan and Karthik Viswanathan -- Modeling efficacy and safety of engineered biologics / Jeffrey R. Chabot and Bruce Gomes -- Regulation of gene expression by small, non-coding RNAS : practical applications / Roman Herrara and Eric Tien -- Future perspectives of biological engineering in pharmaceutical research : the paradigm of modeling, mining, manipulation, and measurements / Jinghai J. Xu ... [et al.].</subfield>
  </datafield>
  <datafield tag="650" ind1=" " ind2="0">
    <subfield code="a">Pharmaceutical technology</subfield>
    <subfield code="2">BUEsh</subfield>
  </datafield>
  <datafield tag="650" ind1=" " ind2="0">
    <subfield code="a">Biological products</subfield>
    <subfield code="2">BUEsh</subfield>
  </datafield>
  <datafield tag="651" ind1=" " ind2=" ">
    <subfield code="2">BUEsh</subfield>
  </datafield>
  <datafield tag="653" ind1=" " ind2=" ">
    <subfield code="b">PPhrm</subfield>
    <subfield code="c">October2015</subfield>
  </datafield>
  <datafield tag="655" ind1=" " ind2=" ">
    <subfield code="v">Reading book</subfield>
    <subfield code="9">34232</subfield>
  </datafield>
  <datafield tag="700" ind1="1" ind2=" ">
    <subfield code="a">Ekins, Sean,</subfield>
    <subfield code="e">editor.</subfield>
  </datafield>
  <datafield tag="700" ind1="1" ind2=" ">
    <subfield code="a">Xu, Jinghai J.,</subfield>
    <subfield code="e">editor.</subfield>
  </datafield>
  <datafield tag="942" ind1=" " ind2=" ">
    <subfield code="2">ddc</subfield>
  </datafield>
  <datafield tag="999" ind1=" " ind2=" ">
    <subfield code="c">20990</subfield>
    <subfield code="d">20962</subfield>
  </datafield>
  <datafield tag="952" ind1=" " ind2=" ">
    <subfield code="0">0</subfield>
    <subfield code="1">0</subfield>
    <subfield code="2">ddc</subfield>
    <subfield code="4">0</subfield>
    <subfield code="7">0</subfield>
    <subfield code="8">Baccah</subfield>
    <subfield code="a">MAIN</subfield>
    <subfield code="b">MAIN</subfield>
    <subfield code="c">1ST</subfield>
    <subfield code="d">2015-10-26</subfield>
    <subfield code="e">Purchase</subfield>
    <subfield code="l">2</subfield>
    <subfield code="m">10</subfield>
    <subfield code="o">615.19 DRU</subfield>
    <subfield code="p">000031188</subfield>
    <subfield code="r">2025-07-15 00:00:00</subfield>
    <subfield code="s">2021-07-07</subfield>
    <subfield code="y">BB</subfield>
  </datafield>
</record>
